Factores limitantes al cambio tecnológico en el sector agropecuario (Registro nro. 16135)
[ vista simple ]
| 000 -LEADER | |
|---|---|
| fixed length control field | 00408 a2200121 4500 |
| 001 - CONTROL NUMBER | |
| control field | ART_3008 |
| 005 - DATE AND TIME OF LATEST TRANSACTION | |
| control field | 20260410161712.0 |
| 008 - FIXED-LENGTH DATA ELEMENTS--GENERAL INFORMATION | |
| fixed length control field | 260409a |
| 100 1# - MAIN ENTRY--PERSONAL NAME | |
| Personal name | Obschatko, Edith S. de |
| 245 10 - TITLE STATEMENT | |
| Title | Factores limitantes al cambio tecnológico en el sector agropecuario |
| 700 1# - ADDED ENTRY--PERSONAL NAME | |
| Personal name | de Janvry, Alain |
| 773 0# - HOST ITEM ENTRY | |
| Title | Desarrollo económico |
| Related parts | - Vol. 11, Nº 42/44 (jul. 1971 / mar. 1972) |
| Record control number | REV1174 |
No hay ítems disponibles.